| 000 | 00632cam a22002293a 4500 | ||
|---|---|---|---|
| 001 | 40040 | ||
| 003 | PGUSA | ||
| 005 | 20140828083907.0 | ||
| 008 | 120619s2012||||xxu|||||s|||||000 | eng d | ||
| 040 |
_aPGUSA _beng |
||
| 042 | _adc | ||
| 100 | 1 | _aSmith, C. E. | |
| 245 | 1 | 0 |
_aFlowers Shown to the Children _h[electronic resource] / _cC. E. Smith |
| 260 |
_bProject Gutenberg, _c2012 |
||
| 506 | _aPublic domain in the USA. | ||
| 516 | _aElectronic text | ||
| 700 | 1 | _aChisholm, Louey | |
| 700 | 1 | _aKelman, Janet Harvey | |
| 830 | 0 |
_aProject Gutenberg _v40040 |
|
| 856 | 4 | 0 | _uhttp://www.gutenberg.org/ebooks/40040 |
| 942 | _cEB | ||
| 999 |
_c269293 _d269293 |
||